NBA 2019-2020 Starters (if all players are healthy) - Statistics

General Stats
  • This quiz has been taken 10,817 times
    10,583 since last reset
  • The average score is 87 of 150
Answer Stats
Hint Answer % Correct
Celtics Jayson Tatum
95%
Celtics Jaylen Brown
93%
Nets Kyrie Irving
93%
Hawks Trae Young
92%
Pistons Bruce Brown
90%
Nets Kevin Durant
90%
Celtics Kemba Walker
89%
Nuggets Nikola Jokic
88%
Nuggets Jamal Murray
85%
Rockets James Harden
85%
76ers Joel Embiid
84%
Lakers LeBron James
84%
Warriors Stephen Curry
84%
Thunder Chris Paul
83%
Spurs Dejounte Murray
83%
Timberwolves Karl-Anthony Towns
83%
Warriors Klay Thompson
83%
Warriors Draymond Green
82%
Heat Jimmy Butler
82%
Clippers Kawhi Leonard
82%
Lakers Anthony Davis
81%
Blazers Damian Lillard
81%
Lakers Danny Green
81%
Bucks Giannis Antetokounmpo
81%
Jazz Jeff Green
81%
Raptors Kyle Lowry
81%
Rockets Russell Westbrook
81%
Cavs Tristan Thompson
81%
76ers Ben Simmons
80%
Wizards Bradley Beal
80%
Clippers Paul George
80%
76ers Tobias Harris
80%
Nuggets Gary Harris
79%
Mavericks Luke Doncic
78%
Rockets Clint Capela
77%
Bulls Zach Lavine
77%
Wizards John Wall
76%
Raptors Pascal Siakam
76%
76ers Al Horford
75%
Suns Devin Booker
75%
Jazz Donovan Mitchell
75%
Grizzlies Ja Morant
75%
Bucks Khris Middleton
75%
Pelicans Lonzo Ball
75%
Hornets Marvin Williams
75%
Jazz Rudy Gobert
75%
Rockets Eric Gordon
74%
Magic Aaron Gordon
73%
Bucks Brook Lopez
73%
Hawks John Collins
72%
Mavericks Kristaps Porzingis
72%
Pelicans Zion Williamson
72%
Pistons Blake Griffin
71%
Blazers CJ Mccollum
71%
Spurs Demar Derozan
71%
Cavs Kevin Love
71%
Thunder Steven Adams
71%
Blazers Zach Collins
71%
Warriors D'Angelo Russell
70%
Nets Deandre Jordan
70%
Raptors Marc Gasol
70%
Kings DeArron Fox
69%
Pistons Andre Drummond
68%
Timberwolves Andrew Wiggins
68%
Heat Bam Adebayo
67%
Pelicans Brandon Ingram
66%
Celtics Gordon Hayward
66%
Grizzlies Jaren Jackson
66%
Magic Nikola Vucevic
66%
Pistons Reggie Jackson
66%
Cavs Collin Sexton
65%
Mavericks Justin Jackson
65%
Jazz Mike Conley
64%
Pelicans Jrue Holiday
63%
Knicks Julius Randle
63%
Pacers Victor Oladipo
63%
Suns Deandre Ayton
62%
Pacers Myles Turner
62%
Hornets Terry Rozier
62%
Pacers Domantis Sabonis
61%
Spurs Lamarcus Aldridge
60%
Lakers Rajon Rondo
60%
Bucks Eric Bledsoe
58%
Knicks Mitch Robinson
58%
Celtics Enes Kanter
57%
Bulls Otto Porter
57%
Heat Goran Dragic
56%
Rockets PJ Tucker
56%
Clippers Patrick Beverley
55%
Kings Buddy Hield
54%
Nets Caris LeVert
54%
Grizzlies Jonas Valanciunas
54%
Lakers Demarcus Cousins
53%
Bulls Lauri Markkanen
53%
Knicks RJ Barrett
53%
Clippers Ivica Zubac
52%
Cavs Darius Garland
51%
Knicks Dennis Smith
50%
Pacers Malcolm Brogdon
50%
Suns Ricky Rubio
50%
Bulls Wendell Carter
50%
Blazers Hassan Whiteside
49%
Mavericks Dwight Powell
47%
Raptors Norman Powell
47%
Jazz Joe Ingles
45%
76ers Josh Richardson
45%
Hawks Kevin Huerter
43%
Hornets Cody Zeller
42%
Magic Evan Fournier
42%
Thunder Danilo Gallinari
41%
Hawks DeAndre Hunter
41%
Timberwolves Jeff Teague
41%
Mavericks Tim Hardaway
41%
Nuggets Will Barton
37%
Hawks Alex Len
36%
Raptors OG Anunoby
36%
Kings Harrison Barnes
35%
Kings Marvin Bagley
35%
Warriors Willie Cauley-Stein
34%
Suns Kelly Oubre
33%
Wizards Thomas Bryant
33%
Cavs Cedi Osman
32%
Grizzlies Dillon Brooks
32%
Bulls Kris Dunn
32%
Bucks George Hill
31%
Heat James Johnson
31%
Nuggets Jerami Grant
31%
Timberwolves Robert Covington
31%
Pacers TJ Warren
31%
Magic DJ Augustin
30%
Hornets Nicolas Batum
30%
Knicks Kevin Knox
28%
Spurs Jakob Poeltl
27%
Clippers Landre Shamet
25%
Hornets Malik Monk
25%
Heat Justise Winslow
23%
Wizards Rui Hachimura
23%
Thunder Andre Roberson
22%
Suns Dario Saric
22%
Spurs Rudy Gay
22%
Magic Terrance Ross
21%
Wizards Davis Bertans
19%
Kings Dewayne Dedmon
18%
Blazers Rodney Hood
18%
Grizzlies Kyle Anderson
14%
Thunder Terrance Ferguson
14%
Pelicans Jahlil Okafor
12%
Nets Rodions Kurucs
9%
Pistons Tony Snell
9%
Timberwolves Noah Vonleh
3%
No matching quizzes found
Score Distribution
Percent of People with Each Score
Percentile by Number Answered
Your Score History
You have not taken this quiz since the last reset